Pozycja Personal Name
Liczba rekordów, w których użyto hasła: 1
001 - Numer kontrolny
- control field: 40526
003 - Identyfikator numeru kontrolnego
- control field: NUKAT
005 - Data i czas ostatniej modyfikacji
- control field: 20260425164259.0
008 - Dane kontrolne kodowane (40 znaków)
- fixed length control field: 990726n||a|znnaabn |a aaa |c
010 ## - Numer kontrolny Biblioteki Kongresu
- numer kontrolny LC: n 99035532
024 7# - OTHER STANDARD IDENTIFIER
- Standard number or code: 56737213
- Source of number or code: viaf
024 7# - OTHER STANDARD IDENTIFIER
- Standard number or code: 0000000109043187
- Source of number or code: isni
024 7# - OTHER STANDARD IDENTIFIER
- Standard number or code: Q64162
- Source of number or code: wikidata
040 ## - Instytucja sporządzająca rekord
- inst. przygot. dane do rek. khw: WA U/RET
- język haseł przedmiotowych/tezaurus: kaba
- inst. wprow. rek. khw: WA U/MJK
- inst. modyf. rek. khw: KR U/bs
- inst. modyf. rek. khw: KR U/HW
- inst. modyf. rek. khw: KR 295/DCs
- inst. modyf. rek. khw: TOR U/DA
- inst. modyf. rek. khw: KR 295/BW
043 ## - Kod obszaru geograficznego
- ISO code: AT
- ISO code: IT
046 ## - Special dates
- Birth date: 1854
- Death date: 1928
100 1# - Hasło - nazwa osobowa
- nazwa osobowa w formie ujednoliconej: Pastor, Ludwig von
- daty biograficzne: (1854-1928).
370 ## - Associated place
- Country: Austria.
- Auth control #: http://nukat.edu.pl/aut/s 95010564
- Source of term: kaba
370 ## - Associated place
- Place of birth: Włochy.
- Auth control #: http://nukat.edu.pl/aut/s 94114925
- Source of term: kaba
372 ## - Field of activity
- Field: Historia.
- Auth control #: http://nukat.edu.pl/aut/s 94205867
- Source of term: kaba
374 ## - Occupation
- Occupation: Historycy.
- Auth control #: http://nukat.edu.pl/aut/s 94205772
- Source of term: kaba
377 ## - Assoc lang
- Lang code: ger
400 1# - Trop zob. - nazwa osobowa
- nazwa osobowa (nazwisko, imiona): Pastor, Ludwig.
400 1# - Trop zob. - nazwa osobowa
- nazwa osobowa (nazwisko, imiona): Pastor von Campersfelden, Ludwig.
400 1# - Trop zob. - nazwa osobowa
- nazwa osobowa (nazwisko, imiona): Campersfelden, Ludwig Pastor von.
400 1# - Trop zob. - nazwa osobowa
- nazwa osobowa (nazwisko, imiona): Pastor, Ludwik.
400 1# - Trop zob. - nazwa osobowa
- nazwa osobowa (nazwisko, imiona): Pastor, Louis.
400 1# - Trop zob. - nazwa osobowa
- nazwa osobowa (nazwisko, imiona): Pastor, L. Von.
400 1# - Trop zob. - nazwa osobowa
- nazwa osobowa (nazwisko, imiona): Pastor, Louis de.
400 1# - Trop zob. - nazwa osobowa
- nazwa osobowa (nazwisko, imiona): De Pastor.
400 1# - Trop zob. - nazwa osobowa
- nazwa osobowa (nazwisko, imiona): Pastor, Ludovico von.
670 ## - Źródło informacji
- źródło informacji: Geschichte Papst Paulus III. (1534-1549) / von Ludwig von Pastor. - 1. bis 4. Aufl. - Freiburg im Breisgau, 1909.
- gdzie znaleziono informację: (k. k. Hofrat, o. ö. Professor der Geschichte an der Universität zu Innsbruck und Direktor des österreichischen historischen Instituts zu Rom)
670 ## - Źródło informacji
- źródło informacji: LCN'1996
670 ## - Źródło informacji
- źródło informacji: Kp. Katoliccy reformatorzy XVI stulecia / Ludwik bar. [i. e. baron] Pastor. - Kraków, 1924.
670 ## - Źródło informacji
- źródło informacji: GBV online
670 ## - Źródło informacji
- źródło informacji: DNB online
670 ## - Źródło informacji
- źródło informacji: Kp. Histoire des papes depuis la fin du moyen age [...]. T. 3 / par le Dr Louis Pastor. - Paris, 1903.
670 ## - Źródło informacji
- źródło informacji: Kp. Kirche und Reformation : Aufblühendes katholisches Leben im 16. und 17. Jahrhundert / unter Mitw. von L. von Pastor [et al.]. - 5. Aufl. - Einsiedeln [etc.], 1917.
670 ## - Źródło informacji
- źródło informacji: Vie du Serviteur de Dieu Pie X / Benoit Pierami. - Turin ; Rome, 1929.
- gdzie znaleziono informację: Wstęp (préface de Pastor)
670 ## - Źródło informacji
- źródło informacji: Kp. Storia dei papi dalla fine del Medio Evo : compilata col sussidio dell'Archivio segreto pontificio e di molti altri Archivi [...] / Pastor Ludovico Barone von. - Roma, 1931.